000 00294nam a2200121 i 4500
001 bg
245 0 _aNekotorye voprosy fizyki elementarnych Ĩastic i atomnogo jadra.
260 _aMoskva,
_c1962.
040 _cBPK
041 _apol
942 _cKS
008 s pl f |000 0 pol
999 _c12795
_d12795
856 _uhttp://koha.tu.koszalin.pl/cgi-bin/koha/opac-detail.pl?biblionumber=12795
_yKatalog online BPK